[Event "Lazy Baltic Pearl op 13th"]
[Site "Lazy"]
[Date "2017.06.25"]
[Round "1"]
[White "Jedrocha, Katarzyna"]
[Black "Dluzynski, Krzysztof"]
[Result "1-0"]
[WhiteElo "1898"]
[BlackElo "1541"]
[PlyCount "65"]
[EventDate "2017.06.25"]
[EventType "swiss"]
[EventRounds "9"]
[EventCountry "POL"]
[SourceTitle "EXT 2018"]
[Source "ChessBase"]
[SourceDate "2017.10.13"]
[SourceVersion "1"]
[SourceVersionDate "2017.10.13"]
[SourceQuality "1"]

1. e4 c6 2. d4 d5 3. Nc3 dxe4 4. Nxe4 Bf5 5. Ng3 Bg6 6. Nf3 e6 7. h4 h6 8. h5 Bh7 9. Bd3 Bxd3 10. Qxd3 Nd7 11. Bf4 Ngf6 12. 0-0-0 Nd5 13. Bd2 a5 14. Kb1 Qc7 15. Ne4 Be7 16. g3 b5 17. c3 0-0 18. g4 c5 19. g5 c4 20. Qc2 f5 21. gxh6 b4 22. hxg7 Kxg7 23. Rdg1+ Kh8 24. Bh6 Rg8 25. Neg5 Bxg5 26. Nxg5 bxc3 27. bxc3 Rab8+ 28. Ka1 Qb6 29. Rb1 Qc6 30. Rxb8 Rxb8 31. Re1 Re8 32. Qxf5 N7f6 33. Nf7+ 1-0